LEADER 01073nam a2200265 a 4500 001 000000150822 003 CaOOAMICUS 005 20160330105134.0 008 160330s2006 it u000 u ita r 020 $a8871985133* 032 $aLibriCat 040 $aPUL$bita 041 1 $aita$heng 100 1 $aIntrovigne, Massimo.$0(OLS)http://pul/name/30213 245 13$aIl dramma dell'Europa senza Cristo :$bil relativismo europeo nello scontro delle civiltą /$cMassimo Introvigne. 260 $aMilano :$bSugarCo,$c©2006. 300 $a190 p. ;$c21 cm. 650 4$aRelativismo.$0(OLS)http://pul/subject/21950 850 $aPUL 852 $aPUL$W1$xDP1 Fondo Bordoni$y120$m4 A 28$j45268$qFondi$B175428$CPULBib$Z2$F175428 $HBor184 $81 941 1 $a1 996 $6020$a8871985133*$9(OLS)http://pul/number/160158 996 $6245$aIl dramma dell'Europa senza Cristo :$bil relativismo europeo nello scontro delle civiltą$9(OLS)http://pul/title/189994 996 $6260$aMilano :$bSugarCo$9(OLS)http://pul/publisher/48978 LEADER 01433nam a2200301 u 4500 001 000000085015 003 CaOOAMICUS 005 20070226124136.0 008 050725s1996 ne u000 u eng u 020 $a0792335333 035 $a11054997 040 $aPUL$bita 245 00$aInternational handbook of mathematics education /$cedited by alan J. Bishop... [et al.]. 260 $aDordrecht :$bKluwer academic,$cc1996. 300 $a2 v. ;$c24 cm 490 1 $aKluwer international handbooks of education ;$v4 500 $aInclude indici. 504 $aInclude riferimenti bibliografici. 650 4$aMatematica$xStudio e insegnamento.$0(OLS)http://pul/subject/23832 700 1 $aBishop, Alan J.$0(OLS)http://pul/name/55896 830 0$aKluwer international handbooks of education ;$v4.$0(OLS)http://pul/title/109832 850 $aPUL 852 $aPUL$W1$xSL Cons. Gen., Altre Classi 3$y75$m510. 71 BISAL 2.1$j121497$nBK-PRI$qDDC 21$B108059$CPULBib$Z2$F108059 $H98758 $82 852 $aPUL$W1$xSL Cons. Gen., Altre Classi 3$y75$m510. 71 BISAL 2.2$j121498$nBK-PRI$qDDC 21$B108060$CPULBib$Z2$F108060 $H98759 $82 941 1 $a8 996 $6020$a0792335333$9(OLS)http://pul/number/112569 996 $6245$aInternational handbook of mathematics education$9(OLS)http://pul/title/110418 996 $6260$aDordrecht :$bKluwer academic$9(OLS)http://pul/publisher/76784